| 000 | 02208cam a22004814i 4500 | ||
|---|---|---|---|
| 003 | PE-LiUPU | ||
| 005 | 20250731173349.0 | ||
| 008 | 150706s1999 miu rb 000 0 eng d | ||
| 035 | _a(Sirsi) a48091 | ||
| 040 |
_aPE-LiUPU _bspa _cPE-LiUPU _erda |
||
| 049 | _aPRUA | ||
| 082 | 0 | 4 |
_a220.7 _bICC1999 _221 |
| 100 | 1 |
_aMarshall, I Howard, _eautor. |
|
| 245 | 1 | 2 |
_aA critical and exegetical commentary on the pastoral epistles / _cI. Howard Marshall. |
| 264 | 1 |
_aEdinburgh : _bT[and]T Clark, _c1999. |
|
| 300 |
_a869 páginas ; _c22 centímetros |
||
| 336 |
_atext _2rdacontent |
||
| 337 |
_aunmediated _2rdamedia |
||
| 338 |
_avolume _2rdacarrier |
||
| 490 | 0 | _aThe International critical commentary | |
| 504 | _aIncluye bibliografía. | ||
| 505 | 0 | _aThe letter to Titus -- Opening salutation (1. 1-4) -- Body of the letter - instructions to the church leader (1.5-3.11) -- The appointment of elders and the danger from opponents (1.5-16) -- The first letter to Timothy -- Opening salutation (1.1-2) -- Body of the letter -Teachers and church leader (1.3-3.16) -- Instruction to avoid false doctrine (1.3-20) -- The second letter to Timothy -- Salutation (1.1-2) -- Body of the letter - Timothy as a church leader (1.3-4.8) -- The need for Timothy to show courage and to hold fast to the gospel (1.3-18) -- List of excursuses. | |
| 526 | _aSEG42 | ||
| 526 | _aSEG41 | ||
| 526 | _aSEG40 | ||
| 526 | _aSEG39 | ||
| 526 | _aP94 | ||
| 526 | _aP87 | ||
| 526 | _aP86 | ||
| 526 | _aP85 | ||
| 526 | _aP77 | ||
| 526 | _aP76 | ||
| 526 | _aP35 | ||
| 541 | _g10624103; | ||
| 630 | 0 | 4 |
_aBibli. _pN.T. _pEpistolas pastorales _xComentarios. |
| 700 | 1 |
_aTowner, Philip H, _ecolab. |
|
| 910 |
_agl _bjv _clch _d20100212 |
||
| 942 |
_2ddc _cBOOK |
||
| 949 |
_a220.7 ICC 54 1999 _wDEWEY _c1 _i60954 _lCCODEBUL1 _mBUL _p156.00 _r0 _sY _tLIBRO _u2015-07-06 _xTEOLOGIA _PP35 _o.STAFF. Colección Teología |
||
| 994 |
_aC0 _bPEPRU |
||
| 596 | _a1 | ||
| 999 |
_a220.7 ICC 54 1999 _wDEWEY _c50305 _i60954 _d50305 _f2021-11-9 _g5 _lCCODEBUL1 _mBUL _p156.00 _q1 _r0 _sY _tBOOK _u2015-7-6 _xTEOLOGIA _PP35 _0COMPRA _o.STAFF. Colección Teología |
||
| 980 |
_81 _gALBERTO SANCHEZ Responsable de Automatización |
||